Regions to gain £1.8bn EU aid (Record no. 63745)

MARC details
000 -LEADER
fixed length control field 00711cam a2200205 4500
001 - CONTROL NUMBER
control field WB3623-30
008 - FIXED-LENGTH DATA ELEMENTS--GENERAL INFORMATION
fixed length control field 000000n2000 000 0 eng u
035 ## - SYSTEM CONTROL NUMBER
System control number (Sirsi) u106428
245 ## - TITLE STATEMENT
Title Regions to gain £1.8bn EU aid
260 ## - PUBLICATION, DISTRIBUTION, ETC.
Date of publication, distribution, etc. 2000
490 ## - SERIES STATEMENT
Series statement Financial Times
Volume/sequential designation 13 June 2000, 5(1)
520 ## - SUMMARY, ETC.
Summary, etc. A £1.8bn Brussels aid programme could be delivered to England's poorest regions. The deal comes as the European Commission prepares to give its approval to seven-year spending programmes in Merseyside, South Yorkshire and Cornwall.
590 ## - LOCAL NOTE (RLIN)
Local note WB
650 ## - SUBJECT ADDED ENTRY--TOPICAL TERM
Topical term or geographic name entry element EU AID
650 ## - SUBJECT ADDED ENTRY--TOPICAL TERM
Topical term or geographic name entry element REGIONS
650 ## - SUBJECT ADDED ENTRY--TOPICAL TERM
Topical term or geographic name entry element REDEVELOPMENT
650 ## - SUBJECT ADDED ENTRY--TOPICAL TERM
Topical term or geographic name entry element OBJECTIVE 1 FUNDING
690 ## - LOCAL SUBJECT ADDED ENTRY--TOPICAL TERM (OCLC, RLIN)
Topical term or geographic name as entry element REGENERATION
942 ## - ADDED ENTRY ELEMENTS (KOHA)
Suppress in OPAC 0
Holdings
Withdrawn status Lost status Source of classification or shelving scheme Damaged status Not for loan Home library Current library Shelving location Date acquired Total Checkouts Full call number Barcode Date last seen Copy number Price effective from Koha item type
    Dewey Decimal Classification     London London News article 13/06/2000   WB3623-30 106428-1001 06/08/2019 1 06/08/2019 News article